| 000 | 00587nam a2200217 i 4500 | ||
|---|---|---|---|
| 001 | bg | ||
| 100 | 1 | _aRADECKI, Steven | |
| 245 | 0 |
_aMultimedia with QuickTime : _ba practical quide to creating applications / _cSteven Radecki. |
|
| 260 |
_aBoston : _bAP Professional, _c1994. |
||
| 300 |
_a266 s. : _brys. ; _c25 cm. |
||
| 504 | _aBibliogr. s. 253-256. Indeks. | ||
| 650 | 9 | _aMultimedia | |
| 655 | _aPoradniki | ||
| 020 | _a0125747500 | ||
| 040 | _cBPK | ||
| 041 | 0 | _aen | |
| 080 | _a004 | ||
| 920 | _a0-12-574750-0 | ||
| 942 | _cKS | ||
| 008 | s pl f |000 0 pol | ||
| 999 |
_c30928 _d30928 |
||
| 856 |
_uhttp://koha.tu.koszalin.pl/cgi-bin/koha/opac-detail.pl?biblionumber=30928 _yKatalog online BPK |
||